Eithihyasamputam (Record no. 54309)

MARC details
000 -LEADER
fixed length control field 00428nam a2200145Ia 4500
008 - FIXED-LENGTH DATA ELEMENTS--GENERAL INFORMATION
fixed length control field 211109s9999||||xx |||||||||||||| ||und||
082 ## - DEWEY DECIMAL CLASSIFICATION NUMBER
Classification number 894.8123
Item number NAR.C
100 ## - MAIN ENTRY--PERSONAL NAME
Personal name Narayanan, Chittur Namboodiripad
245 #0 - TITLE STATEMENT
Title Eithihyasamputam
260 ## - PUBLICATION, DISTRIBUTION, ETC.
Name of publisher, distributor, etc. P k Brothers
Place of publication, distribution, etc. Kozhikode
Date of publication, distribution, etc. 1993
300 ## - PHYSICAL DESCRIPTION
Extent 162p
630 ## - SUBJECT ADDED ENTRY--UNIFORM TITLE
General subdivision General stack
650 ## - SUBJECT ADDED ENTRY--TOPICAL TERM
Topical term or geographic name entry element Literature & rhetoric
942 ## - ADDED ENTRY ELEMENTS (KOHA)
Koha item type BOOK
650 ## - SUBJECT ADDED ENTRY--TOPICAL TERM
Form subdivision malayalam literature
General subdivision malayalam storiesMalayalam
Holdings
Withdrawn status Lost status Source of classification or shelving scheme Damaged status Not for loan Home library Current library Date acquired Cost, normal purchase price Full call number Barcode Shelving location Date last seen Price effective from Koha item type
    Dewey Decimal Classification     SB LIBRARY SB LIBRARY 09/11/2021 33.00 894.8123 NAR-E 00096721 GENERAL STACK 09/11/2021 09/11/2021 BOOK

Powered by Koha